000 00468cam a22001457a 4500
008 180718b1966 xxu||||| |||| 00| 0 eng d
082 _aT2055x54 D629
245 _aDirectory of free world enterprises and collaboration in India
260 _aNew Delhi
_bChampaksons
_c1966
300 _a340p.
500 _aRs.30.00
650 _aCorporations, Foreign - India - Directories
650 _aIndustry - India - Directories
650 _aCorporations - India - Directories
999 _c364078
_d364078